000 00725nam a2200289Ia 4500
005 20260324130232.0
008 008 260324s9999 xx 000 0 eng d
020 _a9780203817988
037 _aEBOOK
040 _aCRL
040 _beng
040 _cCRL
041 _2eng
041 _aeng
084 _qCRL
100 _aJohn G.D. Grieve; Laurence Alison; Jonathan Crego
_91181009
245 0 _aPolicing Critical Incidents
245 0 _bLeadership and Critical Incident Management
260 _bTaylor and Francis
260 _c2008
365 _a
365 _b290
856 _uhttp://www.taylorfrancis.com/books/9780203817988
942 _cEBOOK
999 _c1777007
_d1777007